00405nam a2200157Ia 4500003000400000008004100004040001600045082001300061100002300074245004900097260003000146300001000176490002400186650001500210650002200225GCL140319s9999 xx 000 0 eng d aGCL / cGCL04a843bE E1 aETCHERELLI, CLAIRE10aELISE OU LA VRAIE VIE / cETCHERELLI, CLAIRE a[S.N] : bFOLIO ، c1995 a276 P aCOLLECTION FOLIOv004aLITERATURE04aFRENCH LITERATURE